Strangers - Lyrics - Statistiques

Statistiques générales
  • Ce quiz a été pris 19 fois
  • Le résultat moyen est 131 sur 416
Statistiques - réponses
Réponse % Correct
I
88%
(I
88%
a
63%
the
63%
it
56%
you
50%
you
50%
You
50%
your
50%
and
44%
And
44%
in
44%
In
44%
like
44%
me
44%
my
44%
so
44%
strange
44%
then
44%
When
44%
when
44%
(When
44%
who
44%
Am
38%
back
38%
do)
38%
for
38%
he
38%
How
38%
love"
38%
love
38%
on
38%
strangers
38%
that
38%
to
38%
what
38%
at
31%
But
31%
"Don't
31%
Don't
31%
fall
31%
get
31%
I'm
31%
just
31%
Just
31%
never
31%
think
31%
was
31%
With
31%
with
31%
about
25%
all
25%
always
25%
be
25%
be,
25%
here
25%
If
25%
is
25%
know
25%
night
25%
of
25%
Of
25%
see
25%
should
25%
talk
25%
too
25%
up
25%
we
25%
again
19%
basement,
19%
'bout
19%
Can
19%
'cause
19%
cold
19%
considered
19%
devour
19%
did
19%
funny,
19%
"God
19%
green
19%
grow
19%
hard
19%
I'll
19%
make
19%
might
19%
myself
19%
no
19%
no,
19%
No,
19%
No
19%
Oh,
19%
oh
19%
or
19%
Or
19%
smoked
19%
some
19%
sweet
19%
tell
19%
these
19%
Thinking
19%
told
19%
tough
19%
tried
19%
wanted
19%
way
19%
were
19%
wink
19%
worry
19%
you'll
19%
You're
19%
yours
19%
yours?
19%
apart
13%
blamed
13%
bovine
13%
bride,
13%
cry
13%
dairy
13%
death,
13%
divine
13%
evidence
13%
eyes
13%
far
13%
feel
13%
Found
13%
Freezer
13%
good
13%
good?
13%
handsome,
13%
handsome
13%
happier
13%
have
13%
hide
13%
loving
13%
made
13%
making
13%
memory
13%
mother
13%
mouth
13%
mouth,
13%
mouth)
13%
now
13%
over
13%
polaroid
13%
promise,
13%
real
13%
restricted
13%
sees
13%
She'll
13%
sick
13%
sick?
13%
side
13%
sleep
13%
stomach
13%
there
13%
torn
13%
turning
13%
wait
13%
walking
13%
We'll
13%
Ah
6%
aisle
6%
also
6%
attic
6%
believe
6%
better
6%
carton
6%
Christ"
6%
delight
6%
Euphoric
6%
find
6%
great
6%
Jesus
6%
lord
6%
Mama,
6%
milk
6%
place
6%
scriptures
6%
still
6%
telling
6%
those
6%
us
6%
While
6%
Winn-Dixie's
6%
would
6%
Aucun quiz correspondant
Distribution des résultats
% des personnes avec chaque résultat
Percentile par nombre de réponses
Votre historique - résultats
Vous n’avez pas pris ce quiz